Analýza priestorovej oblasti maloobchodnej prevádzky pomocou Huffovho modelu
Príspevok sa zaoberá modelovými prístupmi analýzy pokrytia dopytu zákazníkov maloobchodnou prevádzkou zohľadňujúce faktory ako atraktívnosť predajne a umiestnenie maloobchodnej prevádzky vzhľadom na koncových zákazníkov.
Gespeichert in:
| 1. Verfasser: | |
|---|---|
| Weitere Verfasser: | |
| Format: | Buchkapitel |
| Sprache: | Slowakisch |
| Schlagworte: | |
| Tags: |
Keine Tags, Fügen Sie das erste Tag hinzu!
|
MARC
| LEADER | 00000nla a2200000 4500 | ||
|---|---|---|---|
| 001 | 0174621 | ||
| 005 | 20240530081846.0 | ||
| 041 | 0 | |a slo | |
| 044 | |a SK | ||
| 245 | 1 | 0 | |a Analýza priestorovej oblasti maloobchodnej prevádzky pomocou Huffovho modelu |c Marian Reiff, Pavol Kita |
| 520 | |a Príspevok sa zaoberá modelovými prístupmi analýzy pokrytia dopytu zákazníkov maloobchodnou prevádzkou zohľadňujúce faktory ako atraktívnosť predajne a umiestnenie maloobchodnej prevádzky vzhľadom na koncových zákazníkov. | ||
| 610 | 2 | 0 | |a maloobchod |
| 610 | 2 | 0 | |a predajne |
| 610 | 2 | 0 | |a lokalizácia |
| 610 | 2 | 0 | |a zákazníci |
| 610 | 2 | 0 | |a dopyt spotrebiteľský |
| 610 | 2 | 0 | |a modely |
| 100 | 1 | |a Reiff, Marian, 1978- | |
| 700 | 1 | |a Kita, Pavol | |